000 00592nam a2200169 i 4500
001 88107
003 ES-MaACL
005 20230906175814.0
007 t|
008 050103s1909 ddr ||||1| ger d
100 1 _aLagerlöf, Selma.
_969571
245 1 0 _aWunderbare reise des kleinen Nils Holgersson /
_cSelma Lagerloef ; einzige berechtigte übersetzung aus dem schwedischen von Pauline Klaiber.
260 _aMünchen :
_bAlbert Langen,
_c1909 (
_eLeipzig :
_fHesse und Becker)
300 _a276 p. ;
_c19 cm.
700 1 _aKlaiber, Pauline.
_968173
852 _aES-MaACL
_jC-4626
_bR.24390
999 _c88107
_d88107